|
|
|
|
| LEADER |
00000nam0a2200000 4500 |
| 001 |
318215 |
| 005 |
20231102003044.0 |
| 020 |
|
|
|a RU
|b 83-91721
|
| 035 |
|
|
|a (RuTPU)RU\TPU\book\343713
|
| 035 |
|
|
|a RU\TPU\book\321988
|
| 090 |
|
|
|a 318215
|
| 100 |
|
|
|a 20160422d1973 m y0rusy5003 ca
|
| 101 |
0 |
|
|a rus
|
| 102 |
|
|
|a RU
|
| 105 |
|
|
|a y j 000zy
|
| 200 |
1 |
|
|a Внутрипроизводственный хозяйственный расчет
|e [лекция]
|f Ф. И. Биншток
|g Московский институт народного хозяйства им. Г. В. Плеханова ; отв. ред. С. Е. Каменицер
|
| 210 |
|
|
|a Москва
|c [Б. и.]
|d 1973
|
| 215 |
|
|
|a 38 с.
|
| 606 |
1 |
|
|a Промышленные предприятия
|x Хозяйственный расчет
|x Планирование
|2 stltpush
|3 (RuTPU)RU\TPU\subj\52670
|9 71075
|
| 610 |
1 |
|
|a организация
|
| 610 |
1 |
|
|a планирование
|
| 610 |
1 |
|
|a управление
|
| 610 |
1 |
|
|a лекции
|
| 675 |
|
|
|a 658.155.012(075.8)
|v 3
|
| 700 |
|
1 |
|a Биншток
|b Ф. И.
|g Феликс Ильич
|
| 702 |
|
1 |
|a Каменицер
|b С. Е.
|4 340
|
| 712 |
0 |
2 |
|a Московский институт народного хозяйства им. Г. В. Плеханова
|c (1924-1991)
|2 stltpush
|3 (RuTPU)RU\TPU\col\14943
|9 26045
|
| 801 |
|
0 |
|a RU
|b 63413507
|c 19950704
|g psbo
|
| 801 |
|
1 |
|a RU
|b 63413507
|c 20150603
|
| 801 |
|
2 |
|a RU
|b 63413507
|c 20200929
|g RCR
|
| 942 |
|
|
|c BK
|